[Event "Barbera del Valles op 38th"]
[Site "Barbera del Valles"]
[Date "2015.07.10"]
[Round "7"]
[White "Coimbra, Margarida Goncalves"]
[Black "Urrutia Mule, Oriol"]
[Result "1/2-1/2"]
[WhiteElo "2071"]
[BlackElo "1813"]
[PlyCount "77"]
[EventDate "2015.07.04"]
[EventType "swiss"]
[EventRounds "9"]
[EventCountry "ESP"]
[SourceTitle "CBM 167 Extra"]
[Source "ChessBase"]
[SourceDate "2015.09.14"]
[SourceVersion "1"]
[SourceVersionDate "2015.09.14"]
[SourceQuality "1"]

1. e4 c5 2. c3 Nf6 3. e5 Nd5 4. d4 cxd4 5. Nf3 Nc6 6. cxd4 d6 7. Bc4 e6 8. 0-0 Be7 9. Bd2 0-0 10. Nc3 Nxc3 11. Bxc3 dxe5 12. dxe5 b6 13. Qe2 Bb7 14. Rfd1 Qc7 15. Bd3 Rfd8 16. Qe4 g6 17. Qf4 Bf8 18. h4 Ne7 19. Rac1 Nd5 20. Qg3 Nxc3 21. Rxc3 Qe7 22. Rdc1 Rac8 23. Ng5 Rxc3 24. Rxc3 Rd4 25. h5 Bh6 26. Nf3 Bf4 27. Qh3 Bxf3 28. Qxf3 Bxe5 29. Qe3 Bf6 30. Rc8+ Rd8 31. Rxd8+ Qxd8 32. hxg6 hxg6 33. b3 Bd4 34. Qf3 Kg7 35. Bc4 Qg5 36. a4 Qc1+ 37. Bf1 Qd2 38. g3 Qc2 39. Bc4 1/2-1/2

[Event "Barbera del Valles op 38th"]
[Site "Barbera del Valles"]
[Date "2015.07.05"]
[Round "2"]
[White "Urrutia Mule, Oriol"]
[Black "Jimenez Ruano, Adrian"]
[Result "0-1"]
[WhiteElo "1813"]
[BlackElo "2053"]
[PlyCount "116"]
[EventDate "2015.07.04"]
[EventType "swiss"]
[EventRounds "9"]
[EventCountry "ESP"]
[SourceTitle "CBM 167 Extra"]
[Source "ChessBase"]
[SourceDate "2015.09.14"]
[SourceVersion "1"]
[SourceVersionDate "2015.09.14"]
[SourceQuality "1"]

1. e4 c5 2. Nf3 a6 3. g3 Nc6 4. Bg2 g6 5. 0-0 Bg7 6. d3 e6 7. Re1 Nge7 8. Nbd2 0-0 9. c3 d6 10. Nf1 Rb8 11. h4 b5 12. h5 b4 13. h6 Bh8 14. c4 Qb6 15. Bf4 Rd8 16. Qe2 Ne5 17. N1h2 N7c6 18. Bg5 Rd7 19. Bh3 a5 20. Ng4 Nxg4 21. Bxg4 a4 22. Rad1 Ba6 23. Nh2 Nd4 24. Qd2 Bb7 25. Nf3 f5 26. Nxd4 Bxd4 27. Bh3 a3 28. b3 Bc3 29. Qe2 Bxe1 30. Rxe1 Qc6 31. Bg2 Rf8 32. f4 e5 33. exf5 Qxg2+ 34. Qxg2 Bxg2 35. Kxg2 Rxf5 36. Re3 exf4 37. gxf4 Kf7 38. Kf3 d5 39. Ke2 Rc7 40. Kd2 dxc4 41. dxc4 Kg8 42. Re8+ Rf8 43. Re5 Kf7 44. Rd5 Re8 45. Rd6 Re4 46. Rf6+ Ke8 47. Ra6 Rd7+ 48. Kc1 Re1+ 49. Kc2 Re2+ 50. Kc1 Rxa2 51. Ra8+ Kf7 52. Rh8 Ke6 53. Re8+ Kf5 54. Re5+ Kg4 55. Rxc5 Rdd2 56. Rd5 Rac2+ 57. Kb1 a2+ 58. Ka1 Rc1# 0-1

[Event "Foment Martinenc op-A 17th"]
[Site "Barcelona"]
[Date "2015.06.13"]
[Round "8"]
[White "Jul Perez, Alberto"]
[Black "Urrutia Mule, Oriol"]
[Result "1/2-1/2"]
[WhiteElo "1921"]
[BlackElo "1667"]
[PlyCount "59"]
[EventDate "2015.04.25"]
[EventType "swiss"]
[EventRounds "9"]
[EventCountry "ESP"]
[SourceTitle "EXT 2017"]
[Source "ChessBase"]
[SourceDate "2016.10.25"]
[SourceVersion "1"]
[SourceVersionDate "2016.10.25"]
[SourceQuality "1"]

1. e4 c5 2. Nf3 Nc6 3. d4 cxd4 4. Nxd4 g6 5. Nc3 Bg7 6. Be3 Nf6 7. Bc4 0-0 8. Qd2 Ng4 9. Nxc6 dxc6 10. 0-0 Nxe3 11. Qxe3 Qb6 12. Qxb6 axb6 13. Rfd1 Bxc3 14. bxc3 Ra4 15. Rd4 b5 16. Bb3 Rxd4 17. cxd4 Rd8 18. c3 b4 19. cxb4 Rxd4 20. Rd1 Rxd1+ 21. Bxd1 e5 22. f3 Be6 23. a4 Kf8 24. Kf2 Ke7 25. Ke3 Bc4 26. a5 Kd6 27. Be2 Bb5 28. Bxb5 cxb5 29. g4 g5 30. h3 1/2-1/2

[Event "Foment Martinenc op-A 17th"]
[Site "Barcelona"]
[Date "2015.05.23"]
[Round "5"]
[White "Urrutia Mule, Oriol"]
[Black "Gallart Zafra, Jaume"]
[Result "1-0"]
[WhiteElo "1667"]
[BlackElo "2231"]
[PlyCount "55"]
[EventDate "2015.04.25"]
[EventType "swiss"]
[EventRounds "9"]
[EventCountry "ESP"]
[SourceTitle "EXT 2017"]
[Source "ChessBase"]
[SourceDate "2016.10.25"]
[SourceVersion "1"]
[SourceVersionDate "2016.10.25"]
[SourceQuality "1"]

1. e4 c5 2. Nf3 d6 3. Bb5+ Nd7 4. d4 cxd4 5. Qxd4 e5 6. Qd3 h6 7. Nc3 Ngf6 8. Nd2 Be7 9. Nc4 0-0 10. Bxd7 Qxd7 11. 0-0 Qc6 12. Ne3 Re8 13. Ncd5 Be6 14. c4 Nd7 15. Nf5 Bxf5 16. exf5 Nf6 17. Qg3 Kh7 18. Ne3 Nh5 19. Qg4 Nf4 20. h4 b5 21. g3 g5 22. f6 Rg8 23. Qf5+ Rg6 24. h5 Nxh5 25. fxe7 Kg8 26. Nd5 Qxc4 27. Qf3 Re8 28. Ne3 1-0

[Event "Valles Occidental-ch U18/U20 prel"]
[Site "various"]
[Date "2015.02.14"]
[Round "3.2"]
[White "Pozanco Romasanta, Marc"]
[Black "Urrutia Mule, Oriol"]
[Result "1-0"]
[WhiteElo "2166"]
[BlackElo "2092"]
[PlyCount "77"]
[EventDate "2015.01.31"]
[EventType "swiss"]
[EventRounds "6"]
[EventCountry "ESP"]
[SourceTitle "EXT 2024"]
[Source "ChessBase"]
[SourceDate "2023.10.10"]
[SourceVersion "1"]
[SourceVersionDate "2023.10.10"]
[SourceQuality "1"]

1. d4 Nf6 2. c4 g6 3. Nc3 Bg7 4. e4 d6 5. Be2 0-0 6. Bg5 c5 7. d5 b5 8. cxb5 a6 9. a4 Qa5 10. Bd2 Qb4 11. a5 axb5 12. Bd3 c4 13. Na4 Qxa4 14. Rxa4 bxa4 15. Bc2 Na6 16. Ne2 Nc5 17. f3 Nfd7 18. Bc3 Ne5 19. 0-0 Bd7 20. Kh1 Rfb8 21. Qd4 Bf6 22. Qe3 Nb3 23. f4 Ng4 24. Qg3 Bxc3 25. Qxc3 Nxa5 26. e5 a3 27. bxa3 Nb3 28. h3 Nh6 29. Rb1 Bf5 30. Bxf5 Nxf5 31. g4 Nh4 32. Qg3 Nd2 33. Rxb8+ Rxb8 34. Qxh4 Rb1+ 35. Kg2 Ne4 36. Qxe7 Re1 37. exd6 Rxe2+ 38. Kf3 c3 39. Kxe2 1-0

[Event "Badalona op-B 40th"]
[Site "Badalona"]
[Date "2014.08.06"]
[Round "5"]
[White "Urrutia Mule, Oriol"]
[Black "Murat Huertas, Eduard"]
[Result "1-0"]
[WhiteElo "1933"]
[BlackElo "1952"]
[PlyCount "85"]
[EventDate "2014.08.02"]
[EventType "swiss"]
[EventRounds "9"]
[EventCountry "ESP"]
[SourceTitle "EXT 2015"]
[Source "ChessBase"]
[SourceDate "2014.11.20"]
[SourceVersion "1"]
[SourceVersionDate "2014.11.20"]
[SourceQuality "1"]

1. e4 c5 2. Nf3 g6 3. d4 cxd4 4. Nxd4 Nf6 5. Nc3 Nc6 6. Be3 Bg7 7. Be2 0-0 8. 0-0 d5 9. exd5 Nxd5 10. Nxd5 Qxd5 11. Bf3 Qd6 12. Nxc6 bxc6 13. Qxd6 exd6 14. Rad1 Ba6 15. Rfe1 Rfd8 16. b3 Bc3 17. Bd2 Bxd2 18. Rxd2 d5 19. Red1 Rdc8 20. g3 Kg7 21. Kg2 Rc7 22. Be2 Bb7 23. c4 dxc4 24. Bxc4 c5+ 25. Kf1 Bf3 26. Re1 a5 27. Re3 Bg4 28. f3 Bh3+ 29. Kf2 Raa7 30. g4 Rd7 31. Rxd7 Rxd7 32. Kg3 Bg2 33. Kxg2 Rd2+ 34. Re2 Rxe2+ 35. Bxe2 g5 36. Kf2 Kf6 37. Ke3 Ke5 38. Bd3 h6 39. Be4 Kd6 40. Kd3 Kc7 41. Kc4 Kb6 42. Bd5 f6 43. Be4 1-0

[Event "Badalona op-B 40th"]
[Site "Badalona"]
[Date "2014.08.05"]
[Round "4"]
[White "Pla Carulla, Joaquim"]
[Black "Urrutia Mule, Oriol"]
[Result "0-1"]
[WhiteElo "2065"]
[BlackElo "1933"]
[PlyCount "45"]
[EventDate "2014.08.02"]
[EventType "swiss"]
[EventRounds "9"]
[EventCountry "ESP"]
[SourceTitle "EXT 2015"]
[Source "ChessBase"]
[SourceDate "2014.11.20"]
[SourceVersion "1"]
[SourceVersionDate "2014.11.20"]
[SourceQuality "1"]

1. e4 c5 2. c4 Nc6 3. Nc3 g6 4. g3 Bg7 5. Bg2 d6 6. Nge2 e6 7. d3 Nge7 8. Be3 a6 9. Qd2 Rb8 10. Bh6 0-0 11. Bxg7 Kxg7 12. h4 b5 13. h5 Rh8 14. 0-0-0 h6 15. hxg6 fxg6 16. Rh2 bxc4 17. dxc4 Ne5 18. b3 Nf7 19. f4 Qa5 20. Qb2 e5 21. Rf1 Nc6 22. fxe5 Ncxe5 23. Nd5 0-1

[Event "Vall del Tenes op 3rd"]
[Site "Santa Eulalia de Roncana"]
[Date "2014.06.13"]
[Round "8"]
[White "Lucena Perianez, Jordi"]
[Black "Urrutia Mule, Oriol"]
[Result "0-1"]
[WhiteElo "1824"]
[BlackElo "1886"]
[PlyCount "56"]
[EventDate "2014.04.25"]
[EventType "swiss"]
[EventRounds "8"]
[EventCountry "ESP"]
[SourceTitle "EXT 2015"]
[Source "ChessBase"]
[SourceDate "2014.11.20"]
[SourceVersion "1"]
[SourceVersionDate "2014.11.20"]
[SourceQuality "1"]

1. d4 Nf6 2. c4 g6 3. Nc3 Bg7 4. e4 d6 5. f4 Na6 6. Be2 0-0 7. Nf3 e5 8. fxe5 dxe5 9. Nxe5 c5 10. Bg5 cxd4 11. Nd5 h6 12. Bxf6 Bxf6 13. Nxf6+ Qxf6 14. Nf3 d3 15. Qxd3 Qxb2 16. 0-0 Qb6+ 17. Kh1 Rd8 18. Qc3 Nc5 19. Ne5 Nxe4 20. Qf3 Ng5 21. Qc3 Qd4 22. Qg3 Bf5 23. h4 Re8 24. Rxf5 Qxa1+ 25. Kh2 gxf5 26. Nxf7 Qg7 27. hxg5 Kxf7 28. Bh5+ Kg8 0-1

[Event "Foment Martinenc op-B 16th"]
[Site "Barcelona"]
[Date "2014.05.24"]
[Round "5"]
[White "Urrutia Mule, Oriol"]
[Black "Marzo Pie, Xavier"]
[Result "1-0"]
[WhiteElo "1886"]
[BlackElo "1942"]
[PlyCount "51"]
[EventDate "2014.04.26"]
[EventType "swiss"]
[EventRounds "9"]
[EventCountry "ESP"]
[SourceTitle "EXT 2015"]
[Source "ChessBase"]
[SourceDate "2014.11.20"]
[SourceVersion "1"]
[SourceVersionDate "2014.11.20"]
[SourceQuality "1"]

1. e4 c5 2. Nf3 Nc6 3. Bb5 g6 4. Bxc6 dxc6 5. d3 Bg7 6. 0-0 Nf6 7. Nc3 0-0 8. Be3 b6 9. h3 Qc7 10. Qc1 Rd8 11. Bf4 Qb7 12. Bh6 Bh8 13. Qe3 Ne8 14. Rad1 Nc7 15. d4 cxd4 16. Nxd4 Ne6 17. Nb3 Bd7 18. f4 c5 19. Nd5 Bb5 20. Rf2 c4 21. f5 cxb3 22. fxe6 f5 23. Qg5 Rxd5 24. exd5 bxc2 25. Rxc2 Bd3 26. Rxd3 1-0

[Event "Vall del Tenes op 3rd"]
[Site "Santa Eulalia de Roncana"]
[Date "2014.05.02"]
[Round "2"]
[White "Bouzas Arcos, Juan Manuel"]
[Black "Urrutia Mule, Oriol"]
[Result "0-1"]
[WhiteElo "2012"]
[BlackElo "1886"]
[PlyCount "60"]
[EventDate "2014.04.25"]
[EventType "swiss"]
[EventRounds "8"]
[EventCountry "ESP"]
[SourceTitle "CBM 160 Extra"]
[Source "ChessBase"]
[SourceDate "2014.07.01"]
[SourceVersion "1"]
[SourceVersionDate "2014.07.01"]
[SourceQuality "1"]

1. e4 c5 2. Nc3 Nc6 3. g3 g6 4. Bg2 Bg7 5. d3 e6 6. Be3 d6 7. Qd2 Rb8 8. Nge2 b5 9. Nd1 Bd7 10. c3 Nge7 11. Bh6 0-0 12. h4 Bxh6 13. Qxh6 Ne5 14. h5 Ng4 15. Qg5 f5 16. hxg6 Nxg6 17. Qh5 Nf6 18. Qh2 Qe7 19. Ne3 Rbe8 20. 0-0-0 Ne5 21. f3 Rc8 22. Nf4 Qg7 23. Rdg1 b4 24. c4 Rf7 25. Kd2 Rcf8 26. exf5 exf5 27. Nfd5 Nxd5 28. Nxd5 Nxc4+ 29. dxc4 Qxb2+ 30. Kd3 Qd4+ 0-1

[Event "Cerdanyola del Valles op-A 32th"]
[Site "Cerdanyola del Valles"]
[Date "2014.??.??"]
[Round "3.9"]
[White "Flores de Paco, David"]
[Black "Urrutia Mule, Oriol"]
[Result "0-1"]
[WhiteElo "1963"]
[BlackElo "1551"]
[PlyCount "94"]
[EventDate "2014.10.04"]
[EventType "swiss"]
[EventRounds "8"]
[EventCountry "ESP"]
[SourceTitle "EXT 2024"]
[Source "ChessBase"]
[SourceDate "2023.10.10"]
[SourceVersion "1"]
[SourceVersionDate "2023.10.10"]
[SourceQuality "1"]

1. b3 d5 2. Bb2 Bg4 3. g3 e6 4. Bg2 Nf6 5. Nf3 Bxf3 6. Bxf3 Nbd7 7. d3 Bd6 8. Nd2 c6 9. e4 0-0 10. Qe2 dxe4 11. dxe4 Be5 12. Bxe5 Nxe5 13. Bg2 Qa5 14. 0-0 Rfd8 15. Rad1 Qc5 16. Rc1 Rd4 17. Rfd1 Rad8 18. Nf3 Nxf3+ 19. Bxf3 Qg5 20. h4 Qh6 21. c3 Rd2 22. Kg2 Kf8 23. Qc4 Qe3 24. Rxd2 Rxd2 25. Rf1 Qb6 26. Qa4 Nd7 27. c4 Ne5 28. Qa3+ c5 29. Qc1 Qd6 30. Qc3 Rd3 31. Qa5 Nxf3 32. Qxa7 Qc7 33. b4 cxb4 34. Qa4 Qb6 35. c5 Qxc5 36. Qa8+ Ke7 37. Qxb7+ Rd7 38. Qa6 Ne5 39. Qe2 Qc4 40. Re1 Qxe2 41. Rxe2 Ra7 42. f4 Nc4 43. Kf3 Ra3+ 44. Kg4 Re3 45. Rc2 Rxe4 46. Kf3 Re3+ 47. Kg4 Rc3 0-1